Linear programmning: basic theory and applications
I tiakina i:
| Kaituhi matua: | |
|---|---|
| Hōputu: | Pukapuka |
| Reo: | Ingarihi |
| I whakaputaina: |
Nueva York
McGraw-Hill
1980
|
| Rangatū: | McGraw-Hill Series in Quantitatice Methods for Management
|
| Ngā marau: | |
| Ngā Tūtohu: |
Tāpirihia he Tūtohu
Kāore He Tūtohu, Me noho koe te mea tuatahi ki te tūtohu i tēnei pūkete!
|
MARC
| LEADER | 00000nam a2200000 a 4500 | ||
|---|---|---|---|
| 001 | UCU3892 | ||
| 003 | CL-VaPUC | ||
| 008 | 960510e19800000US |||||||||||||||||eng|d | ||
| 082 | 0 | 4 | |a 519.72 |b SWA |2 21 |
| 100 | 0 | |a Swanson, Leonard W |e author |9 361103 | |
| 245 | 1 | 0 | |a Linear programmning: basic theory and applications |
| 300 | |a 218 p | ||
| 942 | |c BK | ||
| 945 | |d 19960510 00:00:00 |a lriquelm | ||
| 260 | |a Nueva York |b McGraw-Hill |c 1980 | ||
| 650 | 0 | |a Programación lineal |9 23 | |
| 650 | 0 | |a Álgebra |9 259567 | |
| 650 | 0 | |a Programación matemática |9 260785 | |
| 650 | 7 | |a MODELOS DE ASIGNACION |2 CL-VaPUC |9 360112 | |
| 583 | |a last modification |c 19960510 00:00:00 |k Rodrigo Vera | ||
| 490 | 0 | |a McGraw-Hill Series in Quantitatice Methods for Management | |
| 999 | |c 247754 |d 247752 | ||
| 952 | |0 0 |1 0 |4 0 |6 519_720000000000000_SWA_1980 |7 0 |8 A |9 263894 |a BIBING |b BIBING |d 2019-11-19 |i 1657526 |l 1 |m 1 |o 519.72 SWA 1980 |p 1657526 |r 2025-01-20 |s 2024-04-15 |w 2019-11-19 |y BK |k ING | ||